Loading...
| Fine Arts - Auditory Fine Arts | 0 | 3 | 0 | 1 | 30 | 116 | 131.00 | 0 | 3 |
| Fine Arts - Visual Fine Arts | 0 | 3 | 1 | 2 | 25 | 145 | 148.00 | 0 | 3 |
| Science - Chemistry | 0 | 1 | 0 | 0 | 10 | 131 | 131.00 | 0 | 1 |
| Literature - European Literature | 0 | 1 | 0 | 0 | 10 | 125 | 125.00 | 0 | 1 |
| Other Science: Earth Science | 0 | 1 | 0 | 0 | 10 | 135 | 135.00 | 0 | 1 |
| Beliefs | 0 | 1 | 0 | 0 | 10 | 137 | 137.00 | 0 | 1 |
| Philosophy | 0 | 0 | 0 | 0 | 0 | 0.00 | 0 | 0 | |
| History - World History | 0 | 0 | 0 | 0 | 0 | 0.00 | 0 | 0 | |
| Other Arts: Visual | 0 | 0 | 1 | 0 | -5 | 0.00 | 0 | 0 | |
| Science - Biology | 0 | 0 | 1 | 0 | -5 | 0.00 | 0 | 0 | |
| History - European History | 0 | 0 | 1 | 0 | -5 | 0.00 | 0 | 0 | |
| Literature - British Literature | 0 | 0 | 1 | 0 | -5 | 0.00 | 0 | 0 |